000 00423nam a2200133Ia 4500
008 170221s9999 xx 000 0 und d
100 _aLan Sun
245 4 _aThe Moral Reasoning of Public Accountants in the Development of a Code of Ethics: the Case of Indonesia
245 _cLan Sun and Subhrendu Rath
260 _c2012
300 _a10 : 2
650 _xBusiness
856 _uhttp://ro.uow.edu.au/aabfj/vol6/iss1/11/
999 _c311725
_d311725